PRINCIPLES OF ECONOMIC GROWTH (Record no. 18935)

MARC details
000 -LEADER
fixed length control field 00402nam a22001697a 4500
003 - CONTROL NUMBER IDENTIFIER
control field OSt
005 - DATE AND TIME OF LATEST TRANSACTION
control field 20211118101057.0
008 - FIXED-LENGTH DATA ELEMENTS--GENERAL INFORMATION
fixed length control field 211118b |||||||| |||| 00| 0 eng d
020 ## - INTERNATIONAL STANDARD BOOK NUMBER
International Standard Book Number 0198776144
040 ## - CATALOGING SOURCE
Transcribing agency HU
082 ## - DEWEY DECIMAL CLASSIFICATION NUMBER
Classification number 338
100 ## - MAIN ENTRY--PERSONAL NAME
Personal name GYLFASON THORVALDUR
9 (RLIN) 19157
245 ## - TITLE STATEMENT
Title PRINCIPLES OF ECONOMIC GROWTH
260 ## - PUBLICATION, DISTRIBUTION, ETC.
Place of publication, distribution, etc. UNITED STATE
Name of publisher, distributor, etc. AMERICA
Date of publication, distribution, etc. 1999
300 ## - PHYSICAL DESCRIPTION
Extent 188
942 ## - ADDED ENTRY ELEMENTS (KOHA)
Source of classification or shelving scheme Dewey Decimal Classification
Koha item type Books like text book referance book
Suppress in OPAC No
Holdings
Withdrawn status Lost status Source of classification or shelving scheme Damaged status Not for loan Home library Current library Shelving location Date acquired Total Checkouts Full call number Barcode Date last seen Copy number Price effective from Koha item type
    Dewey Decimal Classification     College of Business and Economics Library College of Business and Economics Library General Stacks 11/18/2021   338/GLY MBELIB00002167 11/18/2021 1 11/18/2021 Books like text book referance book
    Dewey Decimal Classification     College of Business and Economics Library College of Business and Economics Library General Stacks 11/18/2021   338/GLY MBELIB00002168 11/18/2021 2 11/18/2021 Books like text book referance book
    Dewey Decimal Classification     College of Business and Economics Library College of Business and Economics Library General Stacks 11/18/2021   338/GLY MBELIB00002169 11/18/2021 3 11/18/2021 Books like text book referance book
    Dewey Decimal Classification     College of Business and Economics Library College of Business and Economics Library General Stacks 11/18/2021   338/GLY MBELIB00002171 11/18/2021 4 11/18/2021 Books like text book referance book
    Dewey Decimal Classification     College of Business and Economics Library College of Business and Economics Library General Stacks 11/18/2021   338/GLY MBELIB00002172 11/18/2021 5 11/18/2021 Books like text book referance book